| 000 | 00581nam a2200181Ia 4500 | ||
|---|---|---|---|
| 001 | 13280 | ||
| 005 | 20260306163042.0 | ||
| 008 | 260306t2010||||xx |||||||||||||| ||spa|| | ||
| 041 | _aESP | ||
| 082 |
_a001.42 _bI52 |
||
| 100 |
_aInfantes Contreras, Clementina _eAUT |
||
| 245 | 0 |
_aGuía para la presentación de proyectos de investigación: _bpropuesta - anteproyecto - protocolo - avance de investigación - documentos final - artículo para publicación |
|
| 260 | _c2010 | ||
| 300 |
_a75 páginas : _c24 cm. |
||
| 650 | _aGEN | ||
| 654 | _aCHU | ||
| 942 |
_cLIB _dJUS _fJUS _2ddc _n |
||
| 999 |
_c13280 _d13280 |
||